<?xml version="1.0" encoding="UTF-8"?>
<record
    xmlns:xsi="http://www.w3.org/2001/XMLSchema-instance"
    xsi:schemaLocation="http://www.loc.gov/MARC21/slim http://www.loc.gov/standards/marcxml/schema/MARC21slim.xsd"
    xmlns="http://www.loc.gov/MARC21/slim">

  <leader>017290000a22003130004500</leader>
  <controlfield tag="003">EG-GiCUC</controlfield>
  <controlfield tag="008">090516s2003    le     g      100 0 ara d</controlfield>
  <datafield tag="040" ind1=" " ind2=" ">
    <subfield code="a">EG-GiCUC</subfield>
    <subfield code="b">ara</subfield>
    <subfield code="c">EG-GiCUC</subfield>
  </datafield>
  <datafield tag="043" ind1=" " ind2=" ">
    <subfield code="a">a-mk---</subfield>
    <subfield code="a">a-jo---</subfield>
  </datafield>
  <datafield tag="092" ind1="0" ind2="4">
    <subfield code="a">382.09534</subfield>
    <subfield code="b">T135 2003</subfield>
    <subfield code="2">21</subfield>
  </datafield>
  <datafield tag="099" ind1=" " ind2=" ">
    <subfield code="a">04</subfield>
    <subfield code="a">382.09534 T135 2003</subfield>
  </datafield>
  <datafield tag="245" ind1="0" ind2="0">
    <subfield code="a">&#x62A;&#x62C;&#x631;&#x628;&#x629; &#x633;&#x644;&#x637;&#x646;&#x629; &#x639;&#x645;&#x627;&#x646; &#x648; &#x627;&#x644;&#x645;&#x645;&#x644;&#x643;&#x629; &#x627;&#x644;&#x627;&#x631;&#x62F;&#x646;&#x64A;&#x629; &#x627;&#x644;&#x647;&#x627;&#x634;&#x645;&#x64A;&#x629; &#x641;&#x649; &#x627;&#x644;&#x627;&#x646;&#x636;&#x645;&#x627;&#x645; &#x627;&#x644;&#x649; &#x645;&#x646;&#x638;&#x645;&#x629; &#x627;&#x644;&#x62A;&#x62C;&#x627;&#x631;&#x629; &#x627;&#x644;&#x639;&#x627;&#x644;&#x645;&#x64A;&#x629;/</subfield>
    <subfield code="c">&#x62C;&#x627;&#x628;&#x631; &#x628;&#x646; &#x645;&#x631;&#x647;&#x648;&#x646; &#x641;&#x644;&#x64A;&#x641;&#x644; &#x627;&#x644;&#x648;&#x647;&#x64A;&#x628;&#x649;</subfield>
  </datafield>
  <datafield tag="260" ind1=" " ind2=" ">
    <subfield code="a">&#x628;&#x64A;&#x631;&#x648;&#x62A;:&#x644;&#x628;&#x646;&#x627;&#x646;:</subfield>
    <subfield code="b">&#x627;&#x633;&#x643;&#x648;&#x627;:</subfield>
    <subfield code="c">2003</subfield>
  </datafield>
  <datafield tag="300" ind1=" " ind2=" ">
    <subfield code="a">26&#x635;&#x61B;</subfield>
    <subfield code="c">24&#x633;&#x645;</subfield>
  </datafield>
  <datafield tag="440" ind1=" " ind2="0">
    <subfield code="a">&#x627;&#x648;&#x631;&#x627;&#x642; &#x645;&#x648;&#x62C;&#x632;&#x629;&#x61B;</subfield>
    <subfield code="v">6</subfield>
  </datafield>
  <datafield tag="500" ind1=" " ind2=" ">
    <subfield code="a">&#x627;&#x644;&#x627;&#x639;&#x62F;&#x627;&#x62F; &#x644;&#x644;&#x645;&#x624;&#x62A;&#x645;&#x631; &#x627;&#x644;&#x648;&#x632;&#x627;&#x631;&#x649; &#x627;&#x644;&#x62E;&#x627;&#x645;&#x633; &#x644;&#x645;&#x646;&#x638;&#x645;&#x629; &#x627;&#x644;&#x62A;&#x62C;&#x627;&#x631;&#x629; &#x627;&#x644;&#x639;&#x627;&#x644;&#x645;&#x64A;&#x629;(&#x643;&#x627;&#x646;&#x643;&#x648;&#x646;-&#x627;&#x644;&#x645;&#x643;&#x633;&#x64A;&#x643;:10-14 &#x627;&#x64A;&#x644;&#x648;&#x644;/&#x633;&#x628;&#x62A;&#x645;&#x628;&#x631; 2003</subfield>
  </datafield>
  <datafield tag="610" ind1="1" ind2="7">
    <subfield code="a">&#x645;&#x646;&#x638;&#x645;&#x629; &#x627;&#x644;&#x62A;&#x62C;&#x627;&#x631;&#x629; &#x627;&#x644;&#x639;&#x627;&#x644;&#x645;&#x64A;&#x629;</subfield>
    <subfield code="v">&#x645;&#x624;&#x62A;&#x645;&#x631;&#x627;&#x62A;</subfield>
    <subfield code="2">qrmak</subfield>
  </datafield>
  <datafield tag="651" ind1=" " ind2="7">
    <subfield code="a">&#x627;&#x644;&#x627;&#x631;&#x62F;&#x646;</subfield>
    <subfield code="x">&#x627;&#x644;&#x62A;&#x62C;&#x627;&#x631;&#x629; &#x627;&#x644;&#x62E;&#x627;&#x631;&#x62C;&#x64A;&#x629;</subfield>
    <subfield code="v">&#x645;&#x624;&#x62A;&#x645;&#x631;&#x627;&#x62A;</subfield>
    <subfield code="2">qrmak</subfield>
  </datafield>
  <datafield tag="651" ind1=" " ind2="7">
    <subfield code="a">&#x639;&#x645;&#x627;&#x646;</subfield>
    <subfield code="x">&#x627;&#x644;&#x62A;&#x62C;&#x627;&#x631;&#x629; &#x627;&#x644;&#x62E;&#x627;&#x631;&#x62C;&#x64A;&#x629;</subfield>
    <subfield code="v">&#x645;&#x624;&#x62A;&#x645;&#x631;&#x627;&#x62A;</subfield>
    <subfield code="2">qrmak</subfield>
  </datafield>
  <datafield tag="700" ind1="1" ind2=" ">
    <subfield code="a">&#x627;&#x644;&#x648;&#x647;&#x64A;&#x628;&#x649;:&#x62C;&#x627;&#x628;&#x631; &#x628;&#x646; &#x645;&#x631;&#x647;&#x648;&#x646; &#x641;&#x644;&#x64A;&#x641;&#x644;</subfield>
  </datafield>
  <datafield tag="710" ind1="2" ind2=" ">
    <subfield code="a">&#x627;&#x644;&#x627;&#x645;&#x645; &#x627;&#x644;&#x645;&#x62A;&#x62D;&#x62F;&#x629; . </subfield>
    <subfield code="b">&#x627;&#x644;&#x644;&#x62C;&#x646;&#x629; &#x627;&#x644;&#x627;&#x642;&#x62A;&#x635;&#x627;&#x62F;&#x64A;&#x629; &#x648; &#x627;&#x644;&#x627;&#x62C;&#x62A;&#x645;&#x627;&#x639;&#x64A;&#x629; &#x644;&#x63A;&#x631;&#x628;&#x649; &#x622;&#x633;&#x64A;&#x627;</subfield>
  </datafield>
  <datafield tag="710" ind1="2" ind2=" ">
    <subfield code="a">&#x627;&#x644;&#x628;&#x646;&#x643; &#x627;&#x644;&#x62F;&#x648;&#x644;&#x649;</subfield>
  </datafield>
  <datafield tag="710" ind1="2" ind2=" ">
    <subfield code="a">&#x645;&#x646;&#x638;&#x645;&#x629; &#x627;&#x644;&#x62A;&#x62C;&#x627;&#x631;&#x629; &#x627;&#x644;&#x639;&#x627;&#x644;&#x645;&#x64A;&#x629;</subfield>
  </datafield>
  <datafield tag="711" ind1="2" ind2=" ">
    <subfield code="a">&#x627;&#x644;&#x645;&#x624;&#x62A;&#x645;&#x631; &#x627;&#x644;&#x648;&#x632;&#x627;&#x631;&#x649; &#x644;&#x645;&#x646;&#x638;&#x645;&#x629; &#x627;&#x644;&#x62A;&#x62C;&#x627;&#x631;&#x629; &#x627;&#x644;&#x639;&#x627;&#x644;&#x645;&#x64A;&#x629;</subfield>
    <subfield code="n">(&#x627;&#x644;&#x62E;&#x627;&#x645;&#x633;:</subfield>
    <subfield code="d">2003:</subfield>
    <subfield code="c">&#x643;&#x627;&#x646;&#x643;&#x648;&#x646;:&#x627;&#x644;&#x645;&#x643;&#x633;&#x64A;&#x643;)</subfield>
  </datafield>
  <datafield tag="902" ind1=" " ind2=" ">
    <subfield code="a">1</subfield>
  </datafield>
  <datafield tag="905" ind1=" " ind2=" ">
    <subfield code="a">&#x62C;&#x645;&#x627;&#x644;</subfield>
    <subfield code="e">&#x645;&#x62F;&#x62E;&#x644;</subfield>
  </datafield>
  <datafield tag="942" ind1=" " ind2=" ">
    <subfield code="2">ddc</subfield>
    <subfield code="c">BK</subfield>
  </datafield>
  <datafield tag="999" ind1=" " ind2=" ">
    <subfield code="c">112396</subfield>
    <subfield code="d">112396</subfield>
  </datafield>
  <datafield tag="952" ind1=" " ind2=" ">
    <subfield code="2">ddc</subfield>
    <subfield code="7">0</subfield>
    <subfield code="a">CUCL</subfield>
    <subfield code="b">cl220</subfield>
    <subfield code="d">2024-02-11</subfield>
    <subfield code="o">382.09534 T135 2003</subfield>
    <subfield code="p">01000100120892000</subfield>
    <subfield code="r">2023-09-23 00:00:00</subfield>
    <subfield code="t">C.1</subfield>
    <subfield code="y">BK</subfield>
  </datafield>
</record>
